00458nam a22001577a 4500003000400000082001700004100002400021245004200045250001300087260001600100300000800116650003200124942001400156952011300170999001700283SGT a617.69bS91P aPhillips, Ralph W>  aSkinner's Science of Dental Materials a9th Ed.  bPrism c199 a597 aDental Materials; Dentistry 2ddccRARE 00102ddc405171aFDbFDd2025-11-07iSGTUl0o617.69 S91PpFD10159r2025-11-07 00:00:00w2025-11-07yRARE c33153d33153